Normal view MARC view

Entry Personal Name

Number of records used in: 1

001 - CONTROL NUMBER

  • control field: 9888

003 - CONTROL NUMBER IDENTIFIER

  • control field: DLC

005 - DATE AND TIME OF LATEST TRANSACTION

  • control field: 20231110114606.0

008 - FIXED-LENGTH DATA ELEMENTS

  • fixed length control field: 870612n| azannaabn |b aaa

010 ## - LIBRARY OF CONGRESS CONTROL NUMBER

  • LC control number: n 85104102
  • Canceled/invalid LC control number: no2011083946

035 ## - SYSTEM CONTROL NUMBER

  • System control number: (OCoLC)oca01875366

040 ## - CATALOGING SOURCE

  • Original cataloging agency: DLC
  • Language of cataloging: eng
  • Description conventions: rda
  • Transcribing agency: DLC
  • Modifying agency: DLC
  • Modifying agency: OCoLC
  • Modifying agency: DLC
  • Modifying agency: OCoLC
  • Modifying agency: DLC
  • Modifying agency: WU
  • Modifying agency: DLC

046 ## - SPECIAL CODED DATES

  • Birth date: 1925-01-01
  • Death date: 2021-04-21
  • Source of date scheme: edtf

100 1# - HEADING--PERSONAL NAME

  • Personal name: K̲h̲ān̲, Vaḥīduddīn,
  • Dates associated with a name: 1925-2021

375 ## - GENDER

  • Gender: Males
  • Source of term: lcdgt

377 ## - ASSOCIATED LANGUAGE

  • Language code: urd
  • Language code: ara
  • Language code: eng

400 0# - SEE FROM TRACING--PERSONAL NAME

  • Personal name: Vaḥīduddīn K̲h̲ān̲,
  • Dates associated with a name: 1925-2021

400 0# - SEE FROM TRACING--PERSONAL NAME

  • Control subfield: nna
  • Personal name: Waheeduddin Khan,
  • Dates associated with a name: 1925-2021

400 1# - SEE FROM TRACING--PERSONAL NAME

  • Personal name: Khan, Waheeduddin,
  • Dates associated with a name: 1925-2021

400 0# - SEE FROM TRACING--PERSONAL NAME

  • Personal name: Wahiduddin Khan,
  • Dates associated with a name: 1925-2021

400 1# - SEE FROM TRACING--PERSONAL NAME

  • Personal name: Khan, Wahiduddin,
  • Dates associated with a name: 1925-2021

400 1# - SEE FROM TRACING--PERSONAL NAME

  • Personal name: Khān, Waḥīd al-Dīn,
  • Dates associated with a name: 1925-2021

400 1# - SEE FROM TRACING--PERSONAL NAME

  • Personal name: خان، وحيد الدين,
  • Dates associated with a name: 1925-2021

400 1# - SEE FROM TRACING--PERSONAL NAME

  • Personal name: ‏خاں، وحيد‌الدّين،‏
  • Dates associated with a name: 1925-2021

400 0# - SEE FROM TRACING--PERSONAL NAME

  • Personal name: وحيدالدين خاں,
  • Dates associated with a name: 1925-2021

400 1# - SEE FROM TRACING--PERSONAL NAME

  • Personal name: K̲h̲ān̲u, Vaḥīduddīnu,
  • Dates associated with a name: 1925-2021

670 ## - SOURCE DATA FOUND

  • Source citation: K̲h̲ātūn-i Islām, 1987:
  • Information found: t.p. (Maulānā Vaḥīduddīn K̲h̲ān̲)

670 ## - SOURCE DATA FOUND

  • Source citation: New Delhi MARC file, 5/16/87
  • Information found: (hdg.: Waheeduddin Khan, 1925- ; usage: Vaḥīduddīn K̲h̲ān̲)

670 ## - SOURCE DATA FOUND

  • Source citation: Religion and science, c1988:
  • Information found: t.p. (Maulana Wahiduddin Khan)

670 ## - SOURCE DATA FOUND

  • Source citation: Qaḍīyat al-baʻth al-Islāmī, 1984:
  • Information found: t.p. (Waḥīd al-Dīn Khān) introd. (al-mufakkir al-Islāmī al-Hindī)

670 ## - SOURCE DATA FOUND

  • Source citation: Rahnumāʼe ḥayāt, 2005:
  • Information found: t.p. (وحيدالدّين خاں = Vaḥīduddīn K̲h̲ān̲)

670 ## - SOURCE DATA FOUND

  • Source citation: Allāh akbar, 2010:
  • Information found: t.p. (Vaḥīduddīnu K̲h̲ānu)

670 ## - SOURCE DATA FOUND

  • Source citation: Muhammad, 2001:
  • Information found: t.p. (Maulana Wahiduddin Khan)

670 ## - SOURCE DATA FOUND

  • Source citation: Wikipedia WWW site, viewed, May 21, 2021
  • Information found: (Wahiduddin Khan; born January 01, 1925, died April 21, 2021; known with the honorific Maulana, was an Indian Islamic scholar and peace activist known for having written a commentary on the Quran and having translated it into contemporary English; listed in the 500 Most Influential Muslims of the world In 1993)

Powered by Koha